Membuat keputusan

Bibliographic Details
Main Author: Muhammad Awang (Author)
Format: Book
Published: Kuala Lumpur Dewan Bahasa dan Pustaka 1990
Series:Siri analisis psikologi
Subjects:

MARC

LEADER 00000cam a2200000 7i4500
001 0000005464
008 021118s1990
020 |a 9836213694 
090 0 0 |a BF448  |b .M8 1990 
100 0 |a Muhammad Awang  |e author 
245 0 0 |a Membuat keputusan  |c Muhamed Awang 
260 2 |a Kuala Lumpur  |b Dewan Bahasa dan Pustaka  |c 1990 
300 |a viii, 220 ms.  |c 22 sm 
440 0 |a Siri analisis psikologi 
650 0 |a Decision making 
999 |a 1000000473  |b Book  |c OPEN SHELF (30 DAYS)  |e Gong Badak Campus